Missing Word: Number Songs Quiz Stats

 Plays Quiz Updated Sep 16, 2017

Score 0/26 Timer 04:00
2 Plays Today
Title Word % Correct
Another One ___ the DustBites
96.5%
8 ___ A WeekDays
96.4%
You're the One that I ____Want
94.8%
9 to __5
87.7%
____ of '69Summer
84.2%
12 Days of ____Christmas
81.8%
1, 2, 3, __4
75.8%
Sk8er ___Boi
75.1%
___ for OneAll
68.6%
___ No 5 (A Little Bit of)Mambo
65.7%
I'm Gonna Be (500 ____)Miles
64.3%
____ No. 9Symphony
64%
It's Five O'Clock ____Somewhere
61.4%
Title Word % Correct
Nothing ___ 2 UCompares
57%
99 ___Problems
54.6%
25 or __ to 46
45.9%
One ___Week
40%
21 ___Guns
38.4%
100 ___Years
36.1%
2 ___ 1Become
33.3%
One Day ___More
27.2%
3 __AM
26.1%
___ At OneBack
22.2%
One ___ AheadJump
21.9%
Land of 1000 ___Dances
18.6%
5 Years ___Time
17.7%

Today's Daily Dose

You're not logged in!

Compare scores with friends on all Sporcle quizzes.
OR
Log In

Sporcle TV

Today on Sporcle TV


Watch our educational content, quiz creation guides, and fun videos on Sporcle TV.

Show Comments

Extras

Top Quizzes Today


Score Distribution

Your Account Isn't Verified!

In order to create a playlist on Sporcle, you need to verify the email address you used during registration. Go to your Sporcle Settings to finish the process.

Report this User

Report this user for behavior that violates our Community Guidelines.

Details: